Countries of Africa by Flag and First Letter - Statistics

General Stats
  • This quiz has been taken 22 times
  • The average score is 37 of 54
Answer Stats
Picture Answer % Correct
Eswatini
79%
Ivory Coast
79%
Morocco
79%
Somalia
79%
South Sudan
79%
Cameroon
74%
Cape Verde
74%
Central African Republic
74%
Chad
74%
D.R. Congo
74%
Ethiopia
74%
Ghana
74%
Lesotho
74%
Liberia
74%
Niger
74%
Rwanda
74%
Sudan
74%
Tunisia
74%
Burkina Faso
68%
Equatorial Guinea
68%
Eritrea
68%
Gambia
68%
Guinea-Bissau
68%
Kenya
68%
Libya
68%
Malawi
68%
Mauritania
68%
Mauritius
68%
Mozambique
68%
Namibia
68%
Togo
68%
Uganda
68%
Zambia
68%
Zimbabwe
68%
Algeria
63%
Angola
63%
Benin
63%
Botswana
63%
Burundi
63%
Gabon
63%
Nigeria
63%
Rep. of the Congo
63%
Senegal
63%
Seychelles
63%
South Africa
63%
Tanzania
63%
Djibouti
58%
Egypt
58%
Madagascar
58%
Mali
58%
Sao Tome & Principe
58%
Sierra Leone
58%
Comoros
53%
Guinea
53%
No matching quizzes found
Score Distribution
Percent of People with Each Score
Percentile by Number Answered
Your Score History
You have not taken this quiz